The Nottinghamshire and City of Nottingham Fire Authority v Gladman Commercial Properties and Nottingham City Council (Record no. 113060)

MARC details
000 -LEADER
fixed length control field 01452cad a22002055a 4500
001 - CONTROL NUMBER
control field L154603
008 - FIXED-LENGTH DATA ELEMENTS--GENERAL INFORMATION
fixed length control field 120105e2011 xxk f 000 0 eng d
035 ## - SYSTEM CONTROL NUMBER
System control number (Sirsi) u154603
041 0# - LANGUAGE CODE
Language code of text/sound track or separate title eng
245 04 - TITLE STATEMENT
Title The Nottinghamshire and City of Nottingham Fire Authority v Gladman Commercial Properties and Nottingham City Council
260 ## - PUBLICATION, DISTRIBUTION, ETC.
Date of publication, distribution, etc. 2011
520 ## - SUMMARY, ETC.
Summary, etc. [2011] EWHC 1918 (Ch), 20 April 2011. Should important evidence be allowed some time after a case has started?. Claimant NFA agreed to sell a fire station to Defendant and Part 20 Claimant G in 2007. Part 20 Defendant N agreed to sell adjacent land to G at the same time. G refused to complete both purchases, claiming fraudulent misrepresentation of the site by the agents of NFA and N. NFA and N wanted to call on evidence from a key witness after the beginning of the trial. G contended that it was unfair and costly to allow this late evidence. "Held": the evidence was allowed but G should be compensated for the delay.
590 ## - LOCAL NOTE (RLIN)
Local note KA
650 24 - SUBJECT ADDED ENTRY--TOPICAL TERM
Topical term or geographic name entry element NOTTINGHAMSHIRE AND CITY OF NOTTINGHAM FIRE AUTHORITY V GLADMAN COMMERCIAL PROPERTIES AND ANOTHER
650 24 - SUBJECT ADDED ENTRY--TOPICAL TERM
Topical term or geographic name entry element CLAIRE SWAIN-MASON AND ORS V MILLS & REEVE (A FIRM)
651 #4 - SUBJECT ADDED ENTRY--GEOGRAPHIC NAME
Geographic name England and Wales
Chronological subdivision 1543-
690 ## - LOCAL SUBJECT ADDED ENTRY--TOPICAL TERM (OCLC, RLIN)
Topical term or geographic name as entry element PROPERTY-COMMERCIAL PROPERTY-ACQUISITION AND DISPOSAL OF COMMERCIAL PROPERTY
856 40 - ELECTRONIC LOCATION AND ACCESS
Uniform Resource Identifier <a href="https://www.bailii.org/ew/cases/EWHC/Ch/2011/1918.html">https://www.bailii.org/ew/cases/EWHC/Ch/2011/1918.html</a>
Public note View the report free of charge at www.bailii.org
942 ## - ADDED ENTRY ELEMENTS (KOHA)
Suppress in OPAC 0
Holdings
Withdrawn status Lost status Source of classification or shelving scheme Damaged status Not for loan Home library Current library Shelving location Date acquired Total Checkouts Full call number Barcode Date last seen Copy number Price effective from Koha item type
    Dewey Decimal Classification     Virtual Virtual Online 05/01/2012   ONLINE PUBLICATION 154603-2001 06/08/2019 1 06/08/2019 Law report